00303nam a22001097a 4500041000800000082001500008100002000023245005500043260003000098300001100128650005400139 aENG a248.3bCAS aCastle, Brian C a Reconciling one and all : God's gift to the world aGreat BritainbSPCKc2008 a116 P. aReconciliation - Religious Aspects - Christianity